| 000 | 00856nam a2200265 i 4500 | ||
|---|---|---|---|
| 001 | 105397 | ||
| 003 | ES-MaACL | ||
| 005 | 20250803063055.0 | ||
| 007 | t| | ||
| 008 | 060705s1964 it ||||1| ita d | ||
| 080 | _a141.82 | ||
| 100 | 1 |
_aLabriola, Antonio, _d1843-1904 _9241509 |
|
| 245 | 1 | 0 |
_aSaggi sul materialismo storico / _cAntonio Labriola ; a cura di Valentino Gerratana e Augusto Guerra. |
| 250 | _a1ª ed. | ||
| 260 |
_a[Roma] : _bEditori Riuniti, _c1964. |
||
| 300 |
_a463 p. ; _c22 cm. |
||
| 490 | 1 | _aPensiero e azione socialista | |
| 500 | _aBiblioteca Juan Andrade. | ||
| 650 | 4 |
_aMaterialismo histórico. _914850 |
|
| 700 | 1 |
_aGerratana, Valentino. _956494 |
|
| 700 | 1 |
_aGuerra, Augusto. _960486 |
|
| 830 | 0 |
_aPensiero e azione socialista _9185019 |
|
| 852 |
_aES-MaACL _jAND-193 _bR.109513 |
||
| 999 |
_c105397 _d105397 |
||